01669nam a2200265 a 4500008004100000020001500041050001400056100004200070245005200112250001200164260003300176300002100209350000900230650004100239700003100280995014300311995014800454995014000602995014000742999001700882952012200899952012201021952013001143952013001273080109s1972 ||||||||||||||||| || u a0070013667 aQA 37 ALL aAllendoerfer, Carl Barnett, 1911-197410aFundamentals of Freshman mathematics. (3rd ed.) a3rd ed. aNew York:bMcGraw-Hillc1972 axiv, 636 p. ill. a0.00 0aMATHEMATICS--HANDBOOKS, MANUALS, ETC aOakley, Cletus Odia, 1899- aTEXTBOOKS (SB)D0.00e1656FCBU-SCHOOL TEXTBOOK COLLECTIONSH1I0.00jSCHOOL TEXTBOOKM4UAVAILABLEWOct 2, 2009y1656ZSchool Collections aANNEX COLLECTION (Main Library)D0.00e710321FCBU-MAIN LIBRARY (Kitwe)H1I33.95jQA 37 AllM2UAVAILABLEy011097ZAnnex Low-Usage Collection  aBINDERY (DAMAGED)D0.00e716394FCBU-MAIN LIBRARY (Kitwe)H2I33.95jQA 37 AllM1UDAMAGEDy011096ZMain Library Open Access Collection aBINDERY (DAMAGED)D0.00e710320FCBU-MAIN LIBRARY (Kitwe)H3I33.95jQA 37 AllM3UDAMAGEDy011098ZMain Library Open Access Collection c63354d63354 00102lcc4070a005b005c(SB) School Collectionsd2022-12-24l0oSCHOOL TEXTBOOKp1656r2022-12-24w2022-12-24y002 00102lcc4070a001b001cAnnex Low-Usage Collection d2022-12-24l0oQA 37 ALLp011097r2022-12-24w2022-12-24y002 00102lcc4070a001b001cMain Library Open Access Collectiond2022-12-24l0oQA 37 ALLp011096r2022-12-24w2022-12-24y002 00102lcc4070a001b001cMain Library Open Access Collectiond2022-12-24l0oQA 37 ALLp011098r2022-12-24w2022-12-24y002